Intellectual property rights : (Record no. 90583)

MARC details
000 -LEADER
fixed length control field 00640nam a22002057a 4500
005 - DATE AND TIME OF LATEST TRANSACTION
control field 20150107113658.0
010 ## - LCCN (DPL NO)
LC control number ENG-111518
020 ## - INTERNATIONAL STANDARD BOOK NUMBER
International Standard Book Number 9788174879240
Terms of availability 1250.00
020 ## - INTERNATIONAL STANDARD BOOK NUMBER
International Standard Book Number 8174879242
Terms of availability 1250.00
035 ## - SYSTEM CONTROL NUMBER
System control number EN-95050
037 ## - SOURCE OF ACQUISITION
Source of stock number/acquisition DBAD/PUB
082 ## - DEWEY DECIMAL CLASSIFICATION NUMBER
Classification number 346.54048
245 ## - TITLE STATEMENT
Title Intellectual property rights :
Remainder of title a prismatic view /
Statement of responsibility, etc edited by S.C. Roy
260 ## - PUBLICATION, DISTRIBUTION, ETC. (IMPRINT)
Place of publication, distribution, etc New Delhi
Name of publisher, distributor, etc Radha Publications
Date of publication, distribution, etc 2014
270 ## - ADDRESS
Address 423/1,Ansari Road,Daryaganj
City New Delhi
Postal code 110002
300 ## - PHYSICAL DESCRIPTION
Extent xxi,599p.
Dimensions 23cm(Hb)
500 ## - GENERAL NOTE
General note Includes bibliographical references
700 ## - ADDED ENTRY--PERSONAL NAME
Personal name Roy,S.C.
942 ## - ADDED ENTRY ELEMENTS (KOHA)
Source of classification or shelving scheme Dewey Decimal Classification
Item type English Books
Call number suffix INT
Classification part 346.54048
Holdings
Withdrawn status Lost status Not for loan Collection code Home library Current library Date acquired Source of acquisition Cost, normal purchase price Full call number Barcode Copy number Cost, replacement price Koha item type
    Not For Loan Non-fiction D.B.Act.Division D.B.Act.Division 07/01/2015 DBAD / PUB 1250.00 346.54048 INT EN-95050 1 1250.00 English Books

© Delhi Public Library
Hit Counter
free hit counter